| 000 | 01727cam a22003614a 4500 | ||
|---|---|---|---|
| 001 | 13437182 | ||
| 003 | NUST-PNEC | ||
| 005 | 20170116180706.0 | ||
| 008 | 031218s2004 njua b 001 0 eng | ||
| 010 | _a 2003027635 | ||
| 020 | _a0471392006 | ||
| 040 |
_aDLC _cPNEC |
||
| 042 | _apcc | ||
| 050 | 0 | 0 |
_aTA1700 _b.L66 2004 |
| 082 | 0 | 0 |
_a621.36'6 CHO _222 |
| 100 |
_9357 _aChol, Hong K. |
||
| 245 | 0 | 0 |
_aLong-wavelength infrared semiconductor lasers / _cedited by Hong K. Choi. |
| 260 |
_aHoboken, N.J. : _bWiley, _cc2004. |
||
| 300 |
_axv, 395 p. : _bill. ; _c24 cm. |
||
| 440 | 0 | _aWiley series in lasers and applications | |
| 500 | _aIncludes Index http://www.amazon.com/Long-Wavelength-Infrared-Semiconductor-Lasers-Applications/dp/0471392006/ref=sr_1_1?s=books&ie=UTF8&qid=1411618044&sr=1-1&keywords=0471392006 | ||
| 504 | _aIncludes bibliographical references and index. | ||
| 650 | 0 | _aSemiconductor lasers. | |
| 650 | 0 |
_aFar infrared lasers. _xME |
|
| 700 | 1 | _aChoi, Hong Kyun. | |
| 856 | 4 | 2 |
_3Book review (E-STREAMS) _uhttp://www.e-streams.com/es0808/es0808_4242.html |
| 856 | 4 | 2 |
_3Contributor biographical information _uhttp://www.loc.gov/catdir/bios/wiley042/2003027635.html |
| 856 | 4 | 1 |
_3Table of contents _uhttp://www.loc.gov/catdir/toc/ecip0412/2003027635.html |
| 856 | 4 | 2 |
_3Publisher description _uhttp://www.loc.gov/catdir/description/wiley041/2003027635.html |
| 906 |
_a7 _bcbc _corignew _d1 _eecip _f20 _gy-gencatlg |
||
| 942 |
_2ddc _cBK |
||
| 999 |
_c60739 _d60739 |
||